00429nam a2200121Ia 4500008004100000245006400041245001600105260000900121650002000130856006500150999001900215952007300234171211s9999 xx 000 0 und d a30 Powerful Ways To Drive Unlimited Traffic To Your Website cPopoiu Vlad c2015 xWeb Development uhttp://down.ebook777.com/003/30PowWayToDriUnlTraToYouWeb.rar c350128d350128 001040aCLbCLd2017-12-11l0r2017-12-11 00:00:00w2017-12-11yCBE